[Event "GBR-ch108 Major Open"]
[Site "Torquay"]
[Date "2022.08.20"]
[Round "8"]
[White "Cox, Toby"]
[Black "Cordova-Lopez, Diego Anton"]
[Result "1-0"]
[WhiteElo "1702"]
[BlackElo "1471"]
[PlyCount "99"]
[EventDate "2022.08.13"]
[EventType "swiss"]
[EventRounds "9"]
[EventCountry "GBR"]
[SourceTitle "BritBase"]
[Source "John Saunders"]
[SourceDate "2021.06.05"]
[SourceVersion "1"]
[SourceVersionDate "2021.06.05"]
[SourceQuality "1"]

1. e4 c5 2. d4 cxd4 3. c3 g6 4. cxd4 d5 5. e5 Nc6 6. Nc3 a6 7. h3 Bf5 8. g4 Bd7
9. Be3 h5 10. gxh5 Bf5 11. hxg6 Bxg6 12. h4 Nh6 13. h5 Bh7 14. Nf3 Nf5 15. Bg5
Bh6 16. Bxh6 Nxh6 17. Ng5 Nf5 18. Nxh7 Rxh7 19. Qg4 Nh6 20. Qf4 e6 21. O-O-O
Qc7 22. Kb1 O-O-O 23. Bd3 Rhh8 24. Rc1 Kb8 25. Na4 Qa5 26. Nc5 Nb4 27. a3 Nxd3
28. Nxd3 Nf5 29. Ka2 Qb5 30. Rc3 Rc8 31. Nc5 Ka8 32. Rhh3 Rc7 33. Qd2 Qa5 34.
Nb3 Rxc3 35. bxc3 Qb5 36. Rh1 Qc4 37. Kb2 b6 38. Nc1 Ka7 39. Qd3 Qc8 40. Ne2
Rh6 41. Ng3 Ng7 42. Qf3 Qd7 43. Qf4 Rh7 44. h6 Nf5 45. Nxf5 exf5 46. Qf3 Qb5+
47. Kc2 Qc4 48. Qxf5 Qa2+ 49. Kd3 Rxh6 50. Qxf7+ 1-0

[Event "GBR-ch108 Major Open"]
[Site "Torquay"]
[Date "2022.08.20"]
[Round "8"]
[White "Sugden, John N"]
[Black "Duke, Dillan"]
[Result "1/2-1/2"]
[WhiteElo "2032"]
[BlackElo "1237"]
[PlyCount "67"]
[EventDate "2022.08.13"]
[EventType "swiss"]
[EventRounds "9"]
[EventCountry "GBR"]
[SourceTitle "BritBase"]
[Source "John Saunders"]
[SourceDate "2021.06.05"]
[SourceVersion "1"]
[SourceVersionDate "2021.06.05"]
[SourceQuality "1"]

1. e4 e6 2. d4 d5 3. e5 c5 4. c3 Nc6 5. Nf3 Qb6 6. a3 a5 7. b3 Bd7 8. Be3 f6 9.
exf6 Nxf6 10. Bd3 Bd6 11. dxc5 Bxc5 12. Bxc5 Qxc5 13. b4 Qd6 14. b5 Ne5 15.
Nxe5 Qxe5+ 16. Qe2 Qd6 17. O-O O-O 18. c4 Rae8 19. Nd2 Kh8 20. a4 b6 21. Rad1
Bc8 22. Bc2 Qc5 23. Rc1 Bb7 24. cxd5 exd5 25. Qd3 Qe7 26. Qd4 Qd8 27. f3 Re2
28. Rce1 Rfe8 29. Rxe2 Rxe2 30. Bd1 Re6 31. Bc2 Qc7 32. Bd3 h6 33. Nb3 Qd8 34.
Bf5 1/2-1/2

[Event "GBR-ch108 Major Open"]
[Site "Torquay"]
[Date "2022.08.20"]
[Round "8"]
[White "Davis, Cameron"]
[Black "McKay, Jonathan"]
[Result "1/2-1/2"]
[WhiteElo "1487"]
[BlackElo "1636"]
[PlyCount "79"]
[EventDate "2022.08.13"]
[EventType "swiss"]
[EventRounds "9"]
[EventCountry "GBR"]
[SourceTitle "BritBase"]
[Source "John Saunders"]
[SourceDate "2021.06.05"]
[SourceVersion "1"]
[SourceVersionDate "2021.06.05"]
[SourceQuality "1"]

1. e4 d6 2. d4 Nf6 3. Nc3 g6 4. f4 Bg7 5. Nf3 O-O 6. e5 dxe5 7. dxe5 Qxd1+ 8.
Kxd1 Rd8+ 9. Ke1 Ne8 10. Bc4 Bf5 11. Nd5 Nc6 12. Ne3 Bd7 13. a3 e6 14. Bd2 Ne7
15. Rd1 b5 16. Be2 a5 17. c4 c6 18. b4 axb4 19. Bxb4 Bf8 20. Kf2 bxc4 21. Bxc4
Nd5 22. Bxd5 cxd5 23. Rb1 Nc7 24. Nd4 Bxb4 25. axb4 Rdb8 26. Rhc1 Rb7 27. Rc3
Rab8 28. Rcb3 Na6 29. Nec2 Ba4 30. R3b2 Nc5 31. Ke3 Ne4 32. Ra1 Bd7 33. Ra3 Rc7
34. Ra5 Nc3 35. Kd2 Na4 36. Ra2 Nc3 37. Rb2 Ne4+ 38. Ke3 Rcb7 39. Rb3 Rc7 40.
Rb2 1/2-1/2

[Event "GBR-ch108 Major Open"]
[Site "Torquay"]
[Date "2022.08.20"]
[Round "8"]
[White "Sanger, Jake M"]
[Black "Hickman, John E"]
[Result "1-0"]
[WhiteElo "1639"]
[BlackElo "1832"]
[PlyCount "49"]
[EventDate "2022.08.13"]
[EventType "swiss"]
[EventRounds "9"]
[EventCountry "GBR"]
[SourceTitle "BritBase"]
[Source "John Saunders"]
[SourceDate "2021.06.05"]
[SourceVersion "1"]
[SourceVersionDate "2021.06.05"]
[SourceQuality "1"]

1. d4 d6 2. Nf3 g6 3. c4 Nf6 4. Nc3 Bg7 5. e4 O-O 6. Be2 e5 7. O-O exd4 8. Nxd4
Re8 9. f3 c6 10. Kh1 Nbd7 11. Nb3 Nb6 12. Bf4 d5 13. exd5 cxd5 14. c5 Nc4 15.
Bxc4 dxc4 16. Qxd8 Rxd8 17. Na5 Bf5 18. Nxb7 Rd4 19. Be5 Rd2 20. c6 Re8 21.
Rfe1 Rxb2 22. Nd6 Rxe5 23. Rxe5 Bf8 24. Nxf5 Rb8 25. Ne7+ 1-0

[Event "GBR-ch108 Major Open"]
[Site "Torquay"]
[Date "2022.08.20"]
[Round "8"]
[White "Merriman, James"]
[Black "Burton, Nick"]
[Result "1-0"]
[WhiteElo "1683"]
[BlackElo "1740"]
[PlyCount "61"]
[EventDate "2022.08.13"]
[EventType "swiss"]
[EventRounds "9"]
[EventCountry "GBR"]
[SourceTitle "BritBase"]
[Source "John Saunders"]
[SourceDate "2021.06.05"]
[SourceVersion "1"]
[SourceVersionDate "2021.06.05"]
[SourceQuality "1"]

1. d4 Nf6 2. c4 g6 3. Nc3 Bg7 4. e4 d6 5. Nge2 O-O 6. Ng3 e5 7. d5 a5 8. Be2
Na6 9. h4 h5 10. Bg5 Qe8 11. Qd2 Kh7 12. f3 Bd7 13. Nf1 Nc5 14. g4 c6 15. Ng3
Rh8 16. gxh5 Nxh5 17. Nxh5 gxh5 18. dxc6 bxc6 19. Qxd6 Ne6 20. Rg1 Nxg5 21.
Rxg5 f6 22. Rg1 Qf7 23. O-O-O Rhd8 24. Qc5 Bf8 25. Qf2 a4 26. Kb1 Bb4 27. f4
Ra5 28. Bxh5 Qf8 29. Bg6+ Kh8 30. Qf3 Qh6 31. fxe5 1-0

[Event "GBR-ch108 Major Open"]
[Site "Torquay"]
[Date "2022.08.20"]
[Round "8"]
[White "Thatte, Nishchal"]
[Black "Li, Ethan"]
[Result "0-1"]
[WhiteElo "1850"]
[BlackElo "1553"]
[PlyCount "82"]
[EventDate "2022.08.13"]
[EventType "swiss"]
[EventRounds "9"]
[EventCountry "GBR"]
[SourceTitle "BritBase"]
[Source "John Saunders"]
[SourceDate "2021.06.05"]
[SourceVersion "1"]
[SourceVersionDate "2021.06.05"]
[SourceQuality "1"]

1. d4 Nf6 2. Nf3 g6 3. g3 Bg7 4. Bg2 O-O 5. O-O d6 6. b3 Nbd7 7. Bb2 c6 8. c4
Re8 9. Re1 e5 10. dxe5 dxe5 11. e4 Qc7 12. Nc3 Nc5 13. Qc2 Bg4 14. Nh4 Rad8 15.
h3 Bc8 16. Rad1 a5 17. Nf3 h5 18. Ng5 Nh7 19. Bc1 Rxd1 20. Rxd1 Nxg5 21. Bxg5
Ne6 22. Be3 h4 23. c5 Nd4 24. Qb2 hxg3 25. fxg3 Be6 26. Qf2 Qe7 27. Ne2 Qxc5
28. Nxd4 exd4 29. Bxd4 Qd6 30. Bf3 Bxd4 31. Rxd4 Qe5 32. Kg2 Kg7 33. Qd2 Rf8
34. Ra4 Qf6 35. h4 Rd8 36. Qe2 Qc3 37. Qf1 Rd2+ 38. Kh1 Qe3 39. Bg2 Qxg3 40. e5
Rxg2 41. Qf6+ Kh7 0-1

[Event "GBR-ch108 Major Open"]
[Site "Torquay"]
[Date "2022.08.20"]
[Round "8"]
[White "Foster, Timothy"]
[Black "Kumar, Sanjit S"]
[Result "1/2-1/2"]
[WhiteElo "1766"]
[BlackElo "1534"]
[PlyCount "179"]
[EventDate "2022.08.13"]
[EventType "swiss"]
[EventRounds "9"]
[EventCountry "GBR"]
[SourceTitle "BritBase"]
[Source "John Saunders"]
[SourceDate "2021.06.05"]
[SourceVersion "1"]
[SourceVersionDate "2021.06.05"]
[SourceQuality "1"]

1. Nf3 Nf6 2. c4 c6 3. g3 g6 4. b3 Bg7 5. Bb2 d5 6. Bg2 O-O 7. O-O Bf5 8. d3
Nbd7 9. Nbd2 Re8 10. Nh4 Bg4 11. h3 Be6 12. Qc2 Nf8 13. e4 Qd7 14. Kh2 g5 15.
Nhf3 g4 16. Ne5 Qd6 17. Nxg4 Nxg4+ 18. hxg4 d4 19. Bh3 Qd7 20. f4 Bxg4 21. f5
Bxh3 22. Kxh3 e5 23. g4 f6 24. Nf3 h6 25. Kg3 Nh7 26. Nh4 c5 27. Bc1 Kf7 28.
Ng6 Nf8 29. Nxf8 Rxf8 30. Rh1 Rh8 31. Rh5 Rh7 32. Qh2 Rah8 33. Bd2 b6 34. Rh1
Qe7 35. Qg1 Ke8 36. Qc1 Qf8 37. Kf3 Kd7 38. a3 Kc7 39. b4 a6 40. Ke2 Kc6 41.
bxc5 bxc5 42. Qc2 Qa8 43. Qa4+ Kd6 44. Rb1 Rc8 45. Rbh1 Rch8 46. Qa5 Qb7 47.
R5h2 Rb8 48. Bxh6 Rbh8 49. Qd2 Qb3 50. Rh5 Rxh6 51. Rxh6 Rxh6 52. Rxh6 Bxh6 53.
Qxh6 Qc2+ 54. Qd2 Qb3 55. Qh6 Qc2+ 56. Qd2 Qb3 57. Qc1 a5 58. Qh6 Qb2+ 59. Kf3
Qxa3 60. Qxf6+ Kd7 61. Qe6+ Kd8 62. Qd6+ Kc8 63. Qc6+ Kd8 64. Qb6+ Kd7 65. Qe6+
Kd8 66. Qb6+ Kd7 67. Qb1 a4 68. f6 Qb3 69. Qf1 Qb6 70. Kg3 Ke8 71. g5 a3 72. g6
Kf8 73. Qh3 Qxf6 74. Qc8+ Kg7 75. Qxc5 Qxg6+ 76. Kh4 Qf6+ 77. Kg4 Qf4+ 78. Kh5
Qh2+ 79. Kg5 Qg3+ 80. Kh5 Qf3+ 81. Kg5 Qf6+ 82. Kg4 Qa6 83. Qe7+ Kg6 84. Qe8+
Kg7 85. Qe7+ Kh6 86. Qf8+ Kg6 87. Qg8+ Kf6 88. Qf8+ Kg6 89. Qg8+ Kf6 90. Qf8+
1/2-1/2

[Event "GBR-ch108 Major Open"]
[Site "Torquay"]
[Date "2022.08.20"]
[Round "8"]
[White "Novak, Vjekoslav"]
[Black "Phillips, Owen S"]
[Result "1/2-1/2"]
[WhiteElo "1663"]
[BlackElo "1851"]
[PlyCount "24"]
[EventDate "2022.08.13"]
[EventType "swiss"]
[EventRounds "9"]
[EventCountry "GBR"]
[SourceTitle "BritBase"]
[Source "John Saunders"]
[SourceDate "2021.06.05"]
[SourceVersion "1"]
[SourceVersionDate "2021.06.05"]
[SourceQuality "1"]

1. f4 e5 2. fxe5 d6 3. exd6 Bxd6 4. Nf3 g5 5. d3 g4 6. Nd4 Qh4+ 7. g3 Bxg3+ 8.
hxg3 Qxh1 9. Bf4 Qd5 10. e3 c6 11. Nc3 Qa5 12. Bg2 Ne7 1/2-1/2

[Event "GBR-ch108 Major Open"]
[Site "Torquay"]
[Date "2022.08.20"]
[Round "8"]
[White "Pert, Nina"]
[Black "Wheeler, James M"]
[Result "1-0"]
[WhiteElo "1553"]
[BlackElo "1791"]
[PlyCount "33"]
[EventDate "2022.08.13"]
[EventType "swiss"]
[EventRounds "9"]
[EventCountry "GBR"]
[SourceTitle "BritBase"]
[Source "John Saunders"]
[SourceDate "2021.06.05"]
[SourceVersion "1"]
[SourceVersionDate "2021.06.05"]
[SourceQuality "1"]

1. e4 e5 2. Nf3 Nc6 3. Bc4 Be7 4. d4 d6 5. h3 Nf6 6. Nc3 O-O 7. Be3 exd4 8.
Nxd4 Nxd4 9. Bxd4 c6 10. a4 Be6 11. Bd3 Nd7 12. O-O Bf6 13. Bxf6 Qxf6 14. f4
Qd4+ 15. Kh1 f5 16. exf5 Bxf5 17. Bxf5 1-0

[Event "GBR-ch108 Major Open"]
[Site "Torquay"]
[Date "2022.08.20"]
[Round "8"]
[White "Moss, Jack"]
[Black "Garnett, John S"]
[Result "1-0"]
[WhiteElo "1707"]
[BlackElo "1916"]
[PlyCount "71"]
[EventDate "2022.08.13"]
[EventType "swiss"]
[EventRounds "9"]
[EventCountry "GBR"]
[SourceTitle "BritBase"]
[Source "John Saunders"]
[SourceDate "2021.06.05"]
[SourceVersion "1"]
[SourceVersionDate "2021.06.05"]
[SourceQuality "1"]

1. d4 d5 2. Nf3 Nf6 3. g3 c5 4. Bg2 Nc6 5. O-O Bf5 6. c4 e6 7. Nc3 dxc4 8. Ne5
Nxd4 9. Bxb7 Rb8 10. Qa4+ Nd7 11. Bc6 Nxc6 12. Nxc6 Qb6 13. Nxb8 Qxb8 14. Rd1
Qb7 15. Be3 Bh3 16. f3 h5 17. Rd2 e5 18. Rad1 Be6 19. Ne4 Be7 20. Bxc5 f5 21.
Nd6+ Bxd6 22. Rxd6 Rh6 23. Ra6 Qc8 24. Ba3 Kf7 25. Rxa7 Kg8 26. Raxd7 Bxd7 27.
Qxd7 Qa6 28. Qxf5 Qb6+ 29. Kg2 h4 30. Qc8+ Kh7 31. Qxc4 Qf6 32. Qe4+ Kg8 33.
Rd6 h3+ 34. Kf2 Qg5 35. Rxh6 Qxh6 36. Qc4+ 1-0

[Event "GBR-ch108 Major Open"]
[Site "Torquay"]
[Date "2022.08.20"]
[Round "8"]
[White "Davis, Timothy"]
[Black "Ruane, Brendan J"]
[Result "0-1"]
[WhiteElo "1660"]
[BlackElo "1697"]
[PlyCount "50"]
[EventDate "2022.08.13"]
[EventType "swiss"]
[EventRounds "9"]
[EventCountry "GBR"]
[SourceTitle "BritBase"]
[Source "John Saunders"]
[SourceDate "2021.06.05"]
[SourceVersion "1"]
[SourceVersionDate "2021.06.05"]
[SourceQuality "1"]

1. e4 d6 2. d4 Nf6 3. Nc3 e5 4. Nf3 Nbd7 5. Bc4 Be7 6. O-O O-O 7. Bb3 c6 8.
dxe5 dxe5 9. Bg5 h6 10. Bh4 Nh7 11. Bg3 Qc7 12. Nd4 Nc5 13. Nf5 Nf6 14. Kh1
Nfxe4 15. Nxe4 Nxe4 16. Qh5 Bxf5 17. Qxf5 Nxg3+ 18. fxg3 Bf6 19. c3 Rad8 20.
Bc2 Rfe8 21. Qh7+ Kf8 22. h4 e4 23. Bxe4 Qxg3 24. Rae1 Be5 25. Kg1 Rd2 0-1

[Event "GBR-ch108 Major Open"]
[Site "Torquay"]
[Date "2022.08.20"]
[Round "8"]
[White "Walley, A Clive"]
[Black "Gamal, Alaa"]
[Result "1-0"]
[WhiteElo "1822"]
[BlackElo "1690"]
[PlyCount "135"]
[EventDate "2022.08.13"]
[EventType "swiss"]
[EventRounds "9"]
[EventCountry "GBR"]
[SourceTitle "BritBase"]
[Source "John Saunders"]
[SourceDate "2021.06.05"]
[SourceVersion "1"]
[SourceVersionDate "2021.06.05"]
[SourceQuality "1"]

1. e4 c5 2. Nf3 g6 3. c4 Nc6 4. d4 cxd4 5. Nxd4 Bg7 6. Be3 Nf6 7. Nc3 Ng4 8.
Qxg4 Nxd4 9. Qd1 Nc6 10. Qd2 O-O 11. Be2 d6 12. Rc1 Bd7 13. b3 a5 14. O-O Nb4
15. Nd5 Nxd5 16. cxd5 b5 17. a3 Qb8 18. Bd4 b4 19. Bxg7 Kxg7 20. a4 Qb6 21. Rc2
Rac8 22. Rfc1 Rxc2 23. Rxc2 f5 24. exf5 Bxf5 25. Rc6 Qa7 26. Bf3 Bd7 27. Rc4
Rc8 28. Rh4 Rh8 29. Qh6+ Kg8 30. Rf4 Qb8 31. Be4 Qc8 32. h3 Qe8 33. h4 e5 34.
Rf3 Qe7 35. Rg3 Qf8 36. Qg5 Qe8 37. h5 h6 38. Qxg6+ Qxg6 39. Rxg6+ Kf7 40. Rxd6
Bg4 41. f3 Ke7 42. Ra6 Bxh5 43. Rxa5 Be8 44. Ra6 Bd7 45. Rb6 h5 46. Rxb4 h4 47.
Rb6 h3 48. gxh3 Bxh3 49. Kf2 Rg8 50. a5 Rg2+ 51. Ke3 Ra2 52. a6 Bf1 53. Bd3 Bh3
54. Bb5 Kd8 55. Ba4 Bf1 56. Ke4 Re2+ 57. Kf5 Re3 58. a7 Bh3+ 59. Kg5 Kc7 60.
Rb4 Rxf3 61. a8=Q Bc8 62. Qc6+ Kd8 63. Rb8 Ke7 64. Qxc8 Rg3+ 65. Kh4 Rg6 66.
Qe8+ Kd6 67. Qc6+ Ke7 68. Rb7+ 1-0

[Event "GBR-ch108 Major Open"]
[Site "Torquay"]
[Date "2022.08.20"]
[Round "8"]
[White "Adams, Henry"]
[Black "Khoury, Theo"]
[Result "1/2-1/2"]
[WhiteElo "1473"]
[BlackElo "1444"]
[PlyCount "111"]
[EventDate "2022.08.13"]
[EventType "swiss"]
[EventRounds "9"]
[EventCountry "GBR"]
[SourceTitle "BritBase"]
[Source "John Saunders"]
[SourceDate "2021.06.05"]
[SourceVersion "1"]
[SourceVersionDate "2021.06.05"]
[SourceQuality "1"]

1. e4 c5 2. Nf3 d6 3. Bb5+ Nd7 4. a4 Ngf6 5. Qe2 a6 6. Bc4 e6 7. O-O Be7 8. a5
O-O 9. c3 b5 10. axb6 Bb7 11. d3 Nxb6 12. Bb3 Qd7 13. Na3 Rac8 14. Bg5 h6 15.
Bh4 d5 16. e5 Nh5 17. Bxe7 Qxe7 18. d4 cxd4 19. Nxd4 Qg5 20. g3 Nc4 21. f4 Qg6
22. Bc2 Nxg3 23. hxg3 Qxg3+ 24. Kh1 Nxb2 25. Rab1 Rxc3 26. Rf3 Rxf3 27. Qxf3
Qxf3+ 28. Nxf3 d4 29. Kg2 Rb8 30. Kf2 Bxf3 31. Kxf3 d3 32. Bd1 Rb4 33. Nc4 Rxc4
34. Rxb2 Kh7 35. Ke3 Kg6 36. Rg2+ Kh7 37. Rd2 Rc3 38. Ra2 Rc6 39. Bf3 d2 40.
Be4+ g6 41. Kxd2 Rb6 42. Bd3 Kg7 43. Rxa6 Rxa6 44. Bxa6 g5 45. fxg5 hxg5 46.
Ke3 Kg6 47. Bd3+ Kg7 48. Kf3 f6 49. Kg4 fxe5 50. Kxg5 Kf7 51. Kg4 Ke7 52. Kf3
Kd7 53. Ke4 Kd6 54. Bc4 Kc5 55. Kxe5 Kxc4 56. Kxe6 1/2-1/2

[Event "GBR-ch108 Major Open"]
[Site "Torquay"]
[Date "2022.08.20"]
[Round "8"]
[White "Humphreys, Jerry G"]
[Black "Dasgupta, Avyukt"]
[Result "1/2-1/2"]
[WhiteElo "1942"]
[BlackElo "1570"]
[PlyCount "67"]
[EventDate "2022.08.13"]
[EventType "swiss"]
[EventRounds "9"]
[EventCountry "GBR"]
[SourceTitle "BritBase"]
[Source "John Saunders"]
[SourceDate "2021.06.05"]
[SourceVersion "1"]
[SourceVersionDate "2021.06.05"]
[SourceQuality "1"]

1. c4 c6 2. Nc3 d5 3. e3 Nf6 4. Nf3 Bg4 5. d3 e6 6. Be2 Nbd7 7. h3 Bxf3 8. Bxf3
Ne5 9. Be2 dxc4 10. dxc4 Bb4 11. Qb3 Qa5 12. Bd2 O-O-O 13. a3 Rxd2 14. Kxd2
Ne4+ 15. Kc2 Bxc3 16. bxc3 Rd8 17. Rhd1 Nxf2 18. Rab1 b6 19. Rxd8+ Kxd8 20. Qb4
Qa6 21. Rf1 Ne4 22. Rd1+ Nd7 23. Bf3 c5 24. Qb5 Qxb5 25. cxb5 Nef6 26. a4 Kc7
27. Kb3 Ne5 28. c4 Ng8 29. a5 Ne7 30. axb6+ axb6 31. Be4 h6 32. g3 Nc8 33. Bg2
Nd6 34. Ra1 1/2-1/2

[Event "GBR-ch108 Major Open"]
[Site "Torquay"]
[Date "2022.08.20"]
[Round "8"]
[White "Tye, Jack"]
[Black "Menadue, Jeremy F S"]
[Result "0-1"]
[WhiteElo "1428"]
[BlackElo "2008"]
[PlyCount "56"]
[EventDate "2022.08.13"]
[EventType "swiss"]
[EventRounds "9"]
[EventCountry "GBR"]
[SourceTitle "BritBase"]
[Source "John Saunders"]
[SourceDate "2021.06.05"]
[SourceVersion "1"]
[SourceVersionDate "2021.06.05"]
[SourceQuality "1"]

1. e4 Nf6 2. e5 Nd5 3. c4 Nb6 4. d4 d6 5. exd6 cxd6 6. Bd3 g6 7. Ne2 Bg7 8.
Nbc3 Nc6 9. Be3 O-O 10. O-O e5 11. d5 Ne7 12. f3 Nf5 13. Bf2 Bh6 14. Bxf5 gxf5
15. Qd3 f4 16. b4 Qg5 17. Kh1 Bf5 18. Ne4 Qg6 19. g4 Bd7 20. h4 f5 21. gxf5
Qxf5 22. Rg1+ Kh8 23. Rg2 Rg8 24. Rag1 Rg6 25. Rg4 Rag8 26. Qc3 Rxg4 27. Nxd6
Rxh4+ 28. Bxh4 Qh3# 0-1

[Event "GBR-ch108 Major Open"]
[Site "Torquay"]
[Date "2022.08.20"]
[Round "8"]
[White "Taylor, William J"]
[Black "Pert, Max"]
[Result "1-0"]
[WhiteElo "1936"]
[BlackElo "1487"]
[PlyCount "51"]
[EventDate "2022.08.13"]
[EventType "swiss"]
[EventRounds "9"]
[EventCountry "GBR"]
[SourceTitle "BritBase"]
[Source "John Saunders"]
[SourceDate "2021.06.05"]
[SourceVersion "1"]
[SourceVersionDate "2021.06.05"]
[SourceQuality "1"]

1. e4 c6 2. d4 d5 3. Nd2 dxe4 4. Nxe4 Nf6 5. Nxf6+ exf6 6. c3 Bd6 7. Bd3 O-O 8.
Ne2 Re8 9. O-O Nd7 10. Bf4 Nf8 11. Bxd6 Qxd6 12. Ng3 Ng6 13. Qc2 Be6 14. f4
Nxf4 15. Bxh7+ Kf8 16. Be4 Nd5 17. Rae1 Nb6 18. Qd1 Nd7 19. Qh5 g6 20. Qh7 Qc7
21. Bxg6 fxg6 22. Rxf6+ Nxf6 23. Qxc7 Bc4 24. Re5 Rxe5 25. dxe5 Ng4 26. Qd6+
1-0

[Event "GBR-ch108 Major Open"]
[Site "Torquay"]
[Date "2022.08.20"]
[Round "8"]
[White "Miller, George"]
[Black "Young, Daniel J"]
[Result "0-1"]
[WhiteElo "1783"]
[BlackElo "1810"]
[PlyCount "38"]
[EventDate "2022.08.13"]
[EventType "swiss"]
[EventRounds "9"]
[EventCountry "GBR"]
[SourceTitle "BritBase"]
[Source "John Saunders"]
[SourceDate "2021.06.05"]
[SourceVersion "1"]
[SourceVersionDate "2021.06.05"]
[SourceQuality "1"]

1. Nf3 c5 2. c4 g6 3. d4 cxd4 4. Nxd4 Bg7 5. g3 Nc6 6. Nc2 Nf6 7. Bg2 O-O 8.
O-O d6 9. Nc3 Be6 10. b3 Qd7 11. Re1 Bh3 12. Bf3 Ng4 13. Nd5 Nge5 14. Rb1 Nxf3+
15. exf3 Ne5 16. Bb2 Rfe8 17. Bxe5 Bxe5 18. Rxe5 dxe5 19. Nf6+ exf6 0-1

[Event "GBR-ch108 Major Open"]
[Site "Torquay"]
[Date "2022.08.21"]
[Round "8"]
[White "Mize, Dylan"]
[Black "McCarthy, Damian"]
[Result "1-0"]
[WhiteElo "1538"]
[BlackElo "1860"]
[PlyCount "59"]
[EventDate "2022.08.13"]
[EventType "swiss"]
[EventRounds "9"]
[EventCountry "GBR"]
[SourceTitle "BritBase"]
[Source "John Saunders"]
[SourceDate "2021.06.05"]
[SourceVersion "1"]
[SourceVersionDate "2021.06.05"]
[SourceQuality "1"]

1. d4 Nf6 2. Nf3 e6 3. Bg5 h6 4. Bh4 Be7 5. Nbd2 d5 6. e3 O-O 7. Bd3 c5 8. c3
b6 9. Ne5 Bb7 10. Bxf6 Bxf6 11. f4 Nd7 12. Nxd7 Qxd7 13. Qh5 Bd8 14. Nf3 Bc7
15. g4 Qe8 16. Qh3 f6 17. g5 e5 18. gxh6 e4 19. hxg7 Kxg7 20. Rg1+ Kf7 21. Qh7+
Ke6 22. dxc5 Rf7 23. Qf5+ Ke7 24. Nd4 exd3 25. c6 Ba6 26. Qxd5 Rd8 27. Nf5+ Kf8
28. Qg2 d2+ 29. Kd1 Be2+ 30. Kxe2 1-0

[Event "GBR-ch108 Major Open"]
[Site "Torquay"]
[Date "2022.08.20"]
[Round "8"]
[White "Oh, Julie"]
[Black "Kumar, Soham"]
[Result "0-1"]
[WhiteElo "1161"]
[BlackElo "1368"]
[PlyCount "124"]
[EventDate "2022.08.13"]
[EventType "swiss"]
[EventRounds "9"]
[EventCountry "GBR"]
[SourceTitle "BritBase"]
[Source "John Saunders"]
[SourceDate "2021.06.05"]
[SourceVersion "1"]
[SourceVersionDate "2021.06.05"]
[SourceQuality "1"]

1. e4 c5 2. Nc3 g6 3. f4 e6 4. Nf3 Nc6 5. Bb5 d5 6. Bxc6+ bxc6 7. d3 Bg7 8. O-O
Ne7 9. Qe1 Ba6 10. f5 gxf5 11. exf5 Nxf5 12. Ng5 Qe7 13. g4 Nd6 14. Qg3 O-O-O
15. Bf4 e5 16. Rae1 exf4 17. Rxe7 fxg3 18. Nxf7 gxh2+ 19. Kxh2 Nxf7 20. Rfxf7
Bxc3 21. bxc3 Kb8 22. Rxa7 Bc8 23. a4 h5 24. g5 Rhg8 25. Rg7 Rxg7 26. Rxg7 Bf5
27. Rf7 Bg6 28. Rf6 Rg8 29. Rxc6 c4 30. Rd6 Bf7 31. dxc4 dxc4 32. Rd7 Be6 33.
Rd6 Bf5 34. Rd5 Bxc2 35. a5 Bd3 36. Kg3 Kc7 37. Kh4 Kc6 38. Re5 Kd6 39. Rb5 Be2
40. Rf5 Kc6 41. Rf6+ Kd5 42. a6 Ke5 43. a7 Bg4 44. Rf7 Bf5 45. Rc7 Ra8 46. Re7+
Kf4 47. Rc7 Kf3 48. Rxc4 Rxa7 49. g6 Bxg6 50. Kg5 Bf7 51. Rb4 Kg3 52. c4 Ra5+
53. Kf6 Bg8 54. Rb3+ Kg4 55. Rc3 Rc5 56. Ke7 Rxc4 57. Ra3 h4 58. Ra8 Bd5 59.
Rd8 h3 60. Rxd5 h2 61. Rd1 Rc2 62. Rd4+ Kg3 0-1

[Event "GBR-ch108 Major Open"]
[Site "Torquay"]
[Date "2022.08.20"]
[Round "8"]
[White "Matthews, Adrian M S"]
[Black "Headlong, Georgia"]
[Result "1-0"]
[WhiteElo "1932"]
[BlackElo "1417"]
[PlyCount "61"]
[EventDate "2022.08.13"]
[EventType "swiss"]
[EventRounds "9"]
[EventCountry "GBR"]
[SourceTitle "BritBase"]
[Source "John Saunders"]
[SourceDate "2021.06.05"]
[SourceVersion "1"]
[SourceVersionDate "2021.06.05"]
[SourceQuality "1"]

1. e4 e5 2. Nf3 Nf6 3. Nxe5 d6 4. Nf3 Nxe4 5. Nc3 Nxc3 6. dxc3 Be7 7. Bd3 Nc6
8. h3 Ne5 9. Nxe5 dxe5 10. Qe2 Bf6 11. Be3 Be6 12. O-O-O Qe7 13. Kb1 O-O-O 14.
Be4 Qe8 15. Rxd8+ Bxd8 16. Qf3 Qb5 17. Bf5 Qa6 18. Bxe6+ Qxe6 19. Bxa7 e4 20.
Qe2 b6 21. Qa6+ Kd7 22. a4 Be7 23. Rd1+ Bd6 24. a5 bxa5 25. Bc5 Ke7 26. Qxa5
Rd8 27. Qxc7+ Rd7 28. Bxd6+ Ke8 29. Qc8+ Rd8 30. Qxe6+ fxe6 31. c4 1-0

[Event "GBR-ch108 Major Open"]
[Site "Torquay"]
[Date "2022.08.20"]
[Round "8"]
[White "Gartside, Carl"]
[Black "McKay, Ruairidh"]
[Result "0-1"]
[WhiteElo "1739"]
[BlackElo "1394"]
[PlyCount "100"]
[EventDate "2022.08.13"]
[EventType "swiss"]
[EventRounds "9"]
[EventCountry "GBR"]
[SourceTitle "BritBase"]
[Source "John Saunders"]
[SourceDate "2021.06.05"]
[SourceVersion "1"]
[SourceVersionDate "2021.06.05"]
[SourceQuality "1"]

1. e4 d6 2. d4 Nf6 3. Nc3 g6 4. Nf3 Bg7 5. h3 O-O 6. Be3 b6 7. Bd3 Bb7 8. O-O
Nbd7 9. a4 a6 10. Qe2 c5 11. d5 Ne8 12. Bf4 Ne5 13. Rfe1 Nxd3 14. Qxd3 e5 15.
dxe6 fxe6 16. Bg3 Bc8 17. Rad1 Ra7 18. Qc4 Qe7 19. Qb3 Rb7 20. Nd2 b5 21. axb5
axb5 22. Nxb5 Bd7 23. c4 Bxb5 24. cxb5 Kh8 25. Nc4 e5 26. Qd3 Rxb5 27. Re2 Rb4
28. Nxd6 Rd4 29. Qb3 Qxd6 30. Ra1 Rd3 31. Qc2 Nf6 32. Bxe5 Qd7 33. Ra6 Qb5 34.
Ra7 Rd7 35. Ra3 Rfd8 36. Rf3 Rd1+ 37. Kh2 Ng4+ 38. hxg4 Bxe5+ 39. g3 Qd7 40.
Qxc5 Qg7 41. Kg2 Bxb2 42. Rxb2 Qh6 43. Qe5+ Kg8 44. Qe6+ Kh8 45. Qf6+ Kg8 46.
Qh4 Qc1 47. Rfb3 Rg1+ 48. Kf3 Rf8+ 49. Ke2 Qd1+ 50. Ke3 Re1+ 0-1